Welcome to the Holygrace Academy Library

Please use search bar below to get started

SAME AS EVER:TIMELESS LESSONS ON RISK,OPPORTUNITY,AND LIVING A GOOD LIFE (Record no. 8751)

MARC details
000 -LEADER
fixed length control field 00507nam a22001457a 4500
020 ## - INTERNATIONAL STANDARD BOOK NUMBER
ISBN 978-1-80409-094-7
082 ## - DEWEY DECIMAL CLASSIFICATION NUMBER
Classification number 160
Item number HOU/S
100 ## - MAIN ENTRY--AUTHOR NAME
Personal name HOUSEL, MORGAN
245 ## - TITLE STATEMENT
Title SAME AS EVER:TIMELESS LESSONS ON RISK,OPPORTUNITY,AND LIVING A GOOD LIFE
246 ## - VARYING FORM OF TITLE
Title proper/short title SAME AS EVER:TIMELESS LESSONS ON RISK,OPPORTUNITY,AND LIVING A GOOD LIFE
Remainder of title SAME AS EVER:TIMELESS LESSONS ON RISK,OPPORTUNITY,AND LIVING A GOOD LIFE
260 ## - PUBLICATION, DISTRIBUTION, ETC. (IMPRINT)
Place of publication U K
Name of publisher HARRIMAN
Year of publication 2023
300 ## - PHYSICAL DESCRIPTION
Number of Pages 206
650 ## - SUBJECT ADDED ENTRY--TOPICAL TERM
Topical Term ENGLISH PSYCHOLOGY
942 ## - ADDED ENTRY ELEMENTS (KOHA)
Koha item type Books
Holdings
Withdrawn status Lost status Collection code Home library Current library Shelving location Date acquired Source of acquisition Cost, normal purchase price Full call number Accession Number Koha item type
    Non-fiction Main Library Main Library NEW SHELF WITH NEW ENTRY 04/06/2024 PURCHASED 450.00 160 HOU/S 13664 Books